| 000 | 01611cam a22003974a 4500 | ||
|---|---|---|---|
| 001 | 244660711 | ||
| 003 | OCoLC | ||
| 005 | 20210625151228.0 | ||
| 008 | 080827s2009 nyu b 001 0 eng c | ||
| 010 | _a 2008038074 | ||
| 015 |
_aGBA934841 _2bnb |
||
| 016 | 7 |
_a015104981 _2Uk |
|
| 020 | _a9780801447631 | ||
| 020 | _a0801447631 | ||
| 035 | _a(OCoLC)244660711 | ||
| 040 |
_aNIC/DLC _cDLC _dYDXCP _dC#P _dUKM _dCOO _dCDX _dIG# _dUtOrBLW |
||
| 042 | _apcc | ||
| 049 | _aTXIM | ||
| 100 | 1 | _aBlum, Susan Debra. | |
| 245 | 1 | 0 |
_aMy word! : _bplagiarism and college culture / _cSusan D. Blum. |
| 260 |
_aIthaca : _bCornell University Press, _cc2009. |
||
| 300 |
_a229 pages ; _c24 cm. |
||
| 336 |
_atext _2rdacontent. |
||
| 337 |
_aunmediated _2rdamedia. |
||
| 338 |
_avolume _2rdacarrier. |
||
| 504 | _aIncludes bibliographical references (pages [193]-215) and index. | ||
| 505 | 0 | _aIntroduction : plagiarism in college -- A question of judgment : plagiarism is not one thing, once and for all -- Intertexuality, authorship, and plagiarism : my word, your word, their word [arrow] our word -- Observing the performance self : multiplicity versus authenticity -- Growing up in the college bubble : the tasks and temptations of adolescence -- No magic bullet : deconstructing plagiarism -- Conclusion : what is to be done? | |
| 590 | 9 | _aCore title in Resources for College Libraries. | |
| 650 | 0 | _aPlagiarism. | |
| 650 | 0 | _aCheating (Education) | |
| 650 | 0 |
_aCollege students _xAttitudes. |
|
| 691 | 1 | _a0972L. | |
| 904 | _aThis record loaded by table ltibib | ||
| 910 | _adbc/ | ||
| 942 |
_2lcc _cBK |
||
| 999 |
_c49896 _d49896 |
||